000 01038nam a2200313 4500
001
003
005 20220420135749.0
008 050418s2006 mx | ||| ||spa
020 _a9780307274236
040 _aBPMSU
_bspa
_cBPMSU
_e
082 _a920.72
_bS252m 2006
_222
100 1 _aSasson, Jean
_d1947-
_0
245 1 0 _aMayada, hija de Irak /
_cJean Sasson ; traducción de Verónica Canales Medina
_h
246 1 4 _aMayada, hija de Irak :
_b La supervivencia bajo el régimen de Sadam Husein
_i
260 _aMéxico :
_bRandom House Mondadori,
_c2006
300 _a312 p., [8] p. ;
_c19 cm
490 0 _aBest seller ;
_v275
590 _6Inventariado, 2022/VM
600 1 4 _aHussein, Saddam,
_d1937-2006
_2
600 1 4 _aAskari, Mayada
_d1955-
650 4 _aRepresión política
_zIrak
_2
651 4 _aAràbia Saudita
_xCondiciones sociales
651 4 _aPrensa Política
_zIrak
_xBiografía.
_v
830 0 _aBestseller (Barcelona)
_v275/4
910 _aVMateo V.
942 _2ddc
_cBK
956 _a2
999 _c14157
_d14157